000 01412cam a22002294a 4500
005 20250605164046.0
008 250528s ||||||||||||||||||||||||d
035 _a17127
020 _a314012443
040 _aGR-AtMCL
_bgre
_dGR-AtMCL
_eAACR2
245 1 _aStatistics for Business and Economics / Fifth Edition
250 _a5th
260 _bWest Publishing Company,
_c1993
300 _a956
520 _aPreface, Data and Statistics, Descriptive Statistics: Tabular and Graphical Methods, Descriptive Statistics: Numerical Methods, Introduction to Probability, Discrete Probability Distributions, Continuous Probability Distributions, Sampling and Sampling Distributions, Interval Estimation, Hypothesis Testing, Statistical Inference about Means and Proportions with Two Populations, Inferences about Population Variances, Test of Goodness of Fit and Independence, Analysis of Variance and Experimental Design, Simple Linear Regression, Multiple Regression, Regression Analysis: Model Building, Index Numbers, Forecasting, Nonparametric Methods, Statistical Methods for Quality Control, Sample Survey, References and Bibliography, Summation Notation, Answers to Even-Numbered Exercises, Solutions to Self-Test Exercises, Index.
700 1 _aAnderson David R.
_91791
700 1 _aSweeney Dennis J
_91792
700 1 _aWilliams Thomas A
_91793
942 _cBK
999 _c2567
_d2567